UM Logo

Developing skills in writing academic research and business correspondence/ (Record no. 15684)

MARC details
000 -LEADER
fixed length control field 00753nam a22002057a 4500
008 - FIXED-LENGTH DATA ELEMENTS--GENERAL INFORMATION
fixed length control field 201021b ||||| |||| 00| 0 eng d
020 ## - INTERNATIONAL STANDARD BOOK NUMBER
International Standard Book Number 9718210032
082 ## - DEWEY DECIMAL CLASSIFICATION NUMBER
Edition number 1999
Classification number DFil 808.0666
Item number D49
245 ## - TITLE STATEMENT
Title Developing skills in writing academic research and business correspondence/
Statement of responsibility, etc. Virginia E. Fermin and 3 others
260 ## - PUBLICATION, DISTRIBUTION, ETC. (IMPRINT)
Place of publication, distribution, etc. Valenzuela City:
Name of publisher, distributor, etc. Mutya Pub.House,
Date of publication, distribution, etc. ©1999.
300 ## - PHYSICAL DESCRIPTION
Extent 110 pages;
Dimensions 26 cm.
650 ## - SUBJECT ADDED ENTRY--TOPICAL TERM
Topical term or geographic name as entry element Report writing.
9 (RLIN) 42446
650 ## - SUBJECT ADDED ENTRY--TOPICAL TERM
Topical term or geographic name as entry element English Language -- Business English
9 (RLIN) 42447
650 ## - SUBJECT ADDED ENTRY--TOPICAL TERM
Topical term or geographic name as entry element Business letters.
9 (RLIN) 8245
650 ## - SUBJECT ADDED ENTRY--TOPICAL TERM
Topical term or geographic name as entry element Commercial correspondence.
9 (RLIN) 24872
700 ## - ADDED ENTRY--PERSONAL NAME
Personal name Tenorio, Escolastica S.
9 (RLIN) 36483
700 ## - ADDED ENTRY--PERSONAL NAME
Personal name Magpayo, Erlinda R.
9 (RLIN) 42448
700 ## - ADDED ENTRY--PERSONAL NAME
Personal name Valino, Purificacion M.
9 (RLIN) 42449
942 ## - ADDED ENTRY ELEMENTS (KOHA)
Source of classification or shelving scheme Dewey Decimal Classification
Koha item type Filipiniana
Holdings
Withdrawn status Lost status Source of classification or shelving scheme Damaged status Not for loan Collection code Home library Current library Date acquired Source of acquisition Total Checkouts Full call number Barcode Date last seen Copy number Price effective from Koha item type
    Dewey Decimal Classification     Filipiniana UM Digos College - LIC UM Digos College - LIC 10/21/2020 Purchase   DFil 808.0666 D49 1999 14653 06/08/2021 1 10/21/2020 Filipiniana
    Dewey Decimal Classification     Filipiniana UM Digos College - LIC UM Digos College - LIC 10/21/2020 Purchase   DFil 808.0666 D49 1999 14652 06/08/2021 2 10/21/2020 Filipiniana
    Dewey Decimal Classification     Filipiniana UM Digos College - LIC UM Digos College - LIC 10/21/2020 Purchase   DFil 808.0666 D49 1999 14656 06/08/2021 4 10/21/2020 Filipiniana
    Dewey Decimal Classification     Filipiniana UM Digos College - LIC UM Digos College - LIC 10/21/2020 Purchase   DFil 808.0666 D49 1999 14657 06/08/2021 5 10/21/2020 Filipiniana
    Dewey Decimal Classification     Filipiniana UM Digos College - LIC UM Digos College - LIC 10/21/2020 Purchase   DFil 808.0666 D49 1999 14171 06/08/2021 7 10/21/2020 Filipiniana